000 01733nam a2200445 i 4500
001 193465
003 SpMaBN
005 20240906193509.0
007 ta
008 240102s2022 sp | |||| 010 p spa
017 _aM 15455-2022
_bOficina Depósito Legal Madrid
020 _a9788412566208
035 _aa7146222
040 _aSpMaBN
_bspa
_cSpMaBN
_erda
_dES-MaACL
080 _a929 Lostalé, Javier
080 _a821.134.2-14"19/20"(082.2)
245 0 0 _aJavier Lostalé :
_ben su hondo resplandor /
_cJosé Corredor-Matheos [y otros cuarenta y cinco]; edición de Miguel Losada.
246 0 _iSubtítulo de la cubierta :
_ahomenaje
264 1 _aMadrid :
_bLibros de la Revista Áurea en colaboración con Editorial Polibea,
_c2022
264 4 _c©2022
300 _a218 páginas ;
_c21 cm
336 _aTexto
_2rdacontent
337 _asin mediación
_2rdamedia
338 _avolumen
_2rdacarrier
600 0 4 _aLostalé, Javier,
_d1942-
_vHomenajes
_2embne
_974285
650 4 _aPoesías españolas-
_yS.XX
_2embne
_916221
650 4 _aPoesía española-
_yS.XXI
_916222
655 7 _aPoesías
_2tgfbne
_9176539
655 0 _aAntologías
_2tgfbne
_9176540
655 7 _aHomenajes
_2tgfbne
_9226850
700 0 _aLostalé, Javier,
_d1942-
_974285
700 0 _aCorredor-Matheos, José,
_d1929-
_940776
700 1 _aLosada, Miguel
_974261
852 _aES-MaACL
_bR.154870
_9200942
_cDEPOJ
_jN-9711
_hDonación: Miguel Losada
_xEncuadernación rústica con solapas
903 _974261
_aLosada, Miguel
_ednr
942 _n0
_cMONOGRAFIA
999 _c193465
_d193465